<?xml version="1.0" encoding="UTF-8"?>
<record
    xmlns:xsi="http://www.w3.org/2001/XMLSchema-instance"
    xsi:schemaLocation="http://www.loc.gov/MARC21/slim http://www.loc.gov/standards/marcxml/schema/MARC21slim.xsd"
    xmlns="http://www.loc.gov/MARC21/slim">

  <leader>01265nam a22002177a 4500</leader>
  <controlfield tag="003">IT-MiCISF</controlfield>
  <controlfield tag="005">20240614115228.0</controlfield>
  <controlfield tag="008">240614b        |||||||| |||| 00| 0 eng d</controlfield>
  <datafield tag="020" ind1=" " ind2=" ">
    <subfield code="a">9788892244023</subfield>
  </datafield>
  <datafield tag="040" ind1=" " ind2=" ">
    <subfield code="c">IT-MiCISF</subfield>
  </datafield>
  <datafield tag="100" ind1=" " ind2=" ">
    <subfield code="a">Comunit&#xE0; di Caresto</subfield>
    <subfield code="9">56128</subfield>
  </datafield>
  <datafield tag="245" ind1=" " ind2=" ">
    <subfield code="a">Il desiderio come cammino dell'anima.</subfield>
    <subfield code="b">Prontuario per coppie in cerca della felicit&#xE0;</subfield>
  </datafield>
  <datafield tag="260" ind1=" " ind2=" ">
    <subfield code="a">Cinisello B. (MI), </subfield>
    <subfield code="b">San Paolo, </subfield>
    <subfield code="c">2024</subfield>
  </datafield>
  <datafield tag="300" ind1=" " ind2=" ">
    <subfield code="a">pp. 126</subfield>
  </datafield>
  <datafield tag="500" ind1=" " ind2=" ">
    <subfield code="a">coppia, spiritualit&#xE0;, psicologia, spiritualit&#xE0;-coniugale</subfield>
  </datafield>
  <datafield tag="520" ind1=" " ind2=" ">
    <subfield code="a">Il desiderio come forza propulsiva dell&#x2019;anima: in questo libro esploriamo tutte le facce di questo elemento vitale dell&#x2019;esistenza umana, nella sua straordinaria capacit&#xE0; generativa e come motore di realizzazione dell&#x2019;individuo, oltre che ponte di apertura verso l&#x2019;altro. Una splendida lettura con tante domande di riflessione per la coppia, che aiuta a guardarsi meglio dentro, a distinguere tra desiderio e pulsione, tra fretta di consumare e bellezza di un cammino, fino a scoprire che la sete pi&#xF9; grande &#xE8; quella di Dio, il solo capace di aprire lo sguardo dell&#x2019;uomo all&#x2019;infinito.</subfield>
  </datafield>
  <datafield tag="650" ind1=" " ind2=" ">
    <subfield code="a">Coppia</subfield>
    <subfield code="9">56068</subfield>
  </datafield>
  <datafield tag="654" ind1=" " ind2=" ">
    <subfield code="a">sussidio</subfield>
  </datafield>
  <datafield tag="700" ind1=" " ind2=" ">
    <subfield code="a">Prefazione di Erio Castellucci</subfield>
    <subfield code="9">60779</subfield>
  </datafield>
  <datafield tag="942" ind1=" " ind2=" ">
    <subfield code="2">ddc</subfield>
    <subfield code="c">BK</subfield>
  </datafield>
  <datafield tag="999" ind1=" " ind2=" ">
    <subfield code="c">360122</subfield>
    <subfield code="d">360124</subfield>
  </datafield>
  <datafield tag="952" ind1=" " ind2=" ">
    <subfield code="0">0</subfield>
    <subfield code="1">0</subfield>
    <subfield code="2">ddc</subfield>
    <subfield code="4">0</subfield>
    <subfield code="6">B_7830_000000000000000</subfield>
    <subfield code="7">1</subfield>
    <subfield code="a">CISF</subfield>
    <subfield code="b">CISF</subfield>
    <subfield code="d">2024-06-14</subfield>
    <subfield code="l">0</subfield>
    <subfield code="o">B7830</subfield>
    <subfield code="p">9788892244023</subfield>
    <subfield code="r">2024-06-14 11:21:58</subfield>
    <subfield code="w">2024-06-14</subfield>
  </datafield>
</record>
